[Event "CZE-chT2E 1213"]
[Site "Czech Republic"]
[Date "2013.03.24"]
[Round "11.3"]
[White "Masak, Pavel"]
[Black "Pukl, Rostislav"]
[Result "0-1"]
[WhiteElo "2083"]
[BlackElo "1984"]
[PlyCount "92"]
[EventDate "2012.10.14"]
[EventType "team-tourn"]
[EventRounds "11"]
[EventCountry "CZE"]
[SourceTitle "EXT 2016"]
[Source "ChessBase"]
[SourceDate "2015.10.08"]
[SourceVersion "1"]
[SourceVersionDate "2015.10.08"]
[SourceQuality "1"]
[WhiteTeam "Adamov"]
[BlackTeam "Stare Mesto III"]
[WhiteTeamCountry "CZE"]
[BlackTeamCountry "CZE"]

1. d4 d5 2. Nf3 Nf6 3. e3 c6 4. c4 e6 5. Nc3 Bd6 6. Qc2 0-0 7. Bd3 dxc4 8. Bxc4 b5 9. Bd3 Bb7 10. Bd2 Nbd7 11. 0-0 a6 12. Ng5 Bxh2+ 13. Kxh2 Ng4+ 14. Kg3 Qxg5 15. f4 Qe7 16. Kxg4 Nf6+ 17. Kh3 c5 18. g4 Nxg4 19. Ne4 f5 20. Ng5 Qe8 21. Be1 Qh5+ 22. Bh4 Nxe3 23. Qe2 Bg2+ 24. Kg3 Qxe2 25. Bxe2 Bxf1 26. Bxf1 Nc2 27. Rc1 Nxd4 28. Nf3 Nxf3 29. Kxf3 c4 30. Rd1 Rfe8 31. Rd6 e5 32. Bh3 g6 33. Bf6 e4+ 34. Ke3 Kf7 35. Bg5 Ra7 36. Bf1 Re6 37. Rd5 Kg7 38. a4 h6 39. Bh4 Rb7 40. Be1 Rc6 41. Bc3+ Kf7 42. Be5 b4 43. Rd4 c3 44. Bc4+ Ke7 45. bxc3 bxc3 46. Bd5 c2 0-1

[Event "CZE-chT2E 1213"]
[Site "Czech Republic"]
[Date "2013.02.17"]
[Round "9.5"]
[White "Pukl, Rostislav"]
[Black "Majer, Jiri Sr"]
[Result "0-1"]
[WhiteElo "1984"]
[BlackElo "1985"]
[PlyCount "76"]
[EventDate "2012.10.14"]
[EventType "team-tourn"]
[EventRounds "11"]
[EventCountry "CZE"]
[SourceTitle "EXT 2016"]
[Source "ChessBase"]
[SourceDate "2015.10.08"]
[SourceVersion "1"]
[SourceVersionDate "2015.10.08"]
[SourceQuality "1"]
[WhiteTeam "Stare Mesto III"]
[BlackTeam "Kurim"]
[WhiteTeamCountry "CZE"]
[BlackTeamCountry "CZE"]

1. e4 c6 2. d4 d5 3. e5 Bf5 4. Nc3 e6 5. g4 Bg6 6. h4 h5 7. Nge2 hxg4 8. Nf4 Bf5 9. h5 Nh6 10. Be3 Bb4 11. a3 Be7 12. Be2 Nd7 13. Nd3 c5 14. Nxc5 Bxc5 15. dxc5 Nxe5 16. Qd4 f6 17. Qa4+ Qd7 18. Nb5 0-0 19. Bxh6 gxh6 20. Qf4 Kh7 21. Nd4 Be4 22. Rg1 Nc6 23. Nxc6 Qxc6 24. Bd3 f5 25. 0-0-0 Bxd3 26. Rxd3 Rac8 27. Re1 Qxc5 28. Rc3 Qe7 29. Rd3 Rc4 30. Qd2 Re4 31. Rxe4 fxe4 32. Re3 Qf6 33. Qb4 Rf7 34. Rg3 Qxf2 35. Rxg4 Qf1+ 36. Kd2 Rf2+ 37. Ke3 Qe2+ 38. Kd4 Qxg4 0-1

[Event "CZE-chT2E 1213"]
[Site "Czech Republic"]
[Date "2012.10.14"]
[Round "1.4"]
[White "Uhmann, Jan"]
[Black "Pukl, Rostislav"]
[Result "1-0"]
[WhiteElo "2147"]
[BlackElo "1984"]
[PlyCount "83"]
[EventDate "2012.10.14"]
[EventType "team-tourn"]
[EventRounds "11"]
[EventCountry "CZE"]
[SourceTitle "EXT 2016"]
[Source "ChessBase"]
[SourceDate "2015.10.08"]
[SourceVersion "1"]
[SourceVersionDate "2015.10.08"]
[SourceQuality "1"]
[WhiteTeam "Hustopece"]
[BlackTeam "Stare Mesto III"]
[WhiteTeamCountry "CZE"]
[BlackTeamCountry "CZE"]

1. d4 d5 2. Bg5 Nf6 3. Bxf6 exf6 4. e3 Be6 5. Nf3 c6 6. c3 Nd7 7. Bd3 f5 8. Qc2 g6 9. Nbd2 Bd6 10. g3 Rc8 11. b4 a5 12. a3 0-0 13. 0-0 Kg7 14. Rfc1 f6 15. c4 axb4 16. c5 Be7 17. axb4 Ra8 18. Qb2 Qc7 19. Rxa8 Rxa8 20. Ra1 Qb8 21. Ra3 b6 22. Qa2 Rxa3 23. Qxa3 b5 24. Nb3 Bd8 25. Qa6 Qc7 26. Na5 Nb8 27. Qa8 Bc8 28. Nd2 Kf7 29. Nb1 Ke8 30. Nc3 Bd7 31. h4 h5 32. Nb7 Be7 33. Bxb5 cxb5 34. Nxd5 Qc8 35. Nxf6+ Bxf6 36. Nd6+ Kd8 37. Nxc8 Kxc8 38. Qd5 Nc6 39. f4 Bd8 40. Qa2 Bc7 41. Qa8+ Bb8 42. Qa6+ 1-0

[Event "CZE-chT2E 1112"]
[Site "Czech Republic"]
[Date "2012.02.05"]
[Round "7.5"]
[White "Pukl, Rostislav"]
[Black "Uhmann, Jan"]
[Result "0-1"]
[WhiteElo "1971"]
[BlackElo "2152"]
[PlyCount "146"]
[EventDate "2011.10.09"]
[EventType "team-tourn"]
[EventRounds "11"]
[EventCountry "CZE"]
[SourceTitle "EXT 2013"]
[Source "ChessBase"]
[SourceDate "2012.11.22"]
[SourceVersion "1"]
[SourceVersionDate "2012.11.22"]
[SourceQuality "1"]
[WhiteTeam "Stare Mesto III"]
[BlackTeam "Hustopece"]
[WhiteTeamCountry "CZE"]
[BlackTeamCountry "CZE"]

1. e4 e5 2. f4 d5 3. exd5 e4 4. d3 Nf6 5. dxe4 Nxe4 6. Nf3 Bc5 7. Qe2 Qe7 8. Nc3 Nxc3 9. Qxe7+ Bxe7 10. bxc3 0-0 11. Bd3 Bc5 12. Bd2 Re8+ 13. Kf1 c6 14. c4 Nd7 15. Re1 Rxe1+ 16. Kxe1 Nb6 17. dxc6 bxc6 18. Ne5 f6 19. Nf3 Be6 20. Bc3 Re8 21. Kd2 Nxc4+ 22. Bxc4 Bxc4 23. Bd4 Bb4+ 24. c3 Bd6 25. Be3 Rb8 26. Kc2 Bxa2 27. Bxa7 Rb7 28. Be3 Ba3 29. Nd2 Be6 30. Ra1 Bf5+ 31. Kd1 Bb2 32. Ra8+ Kf7 33. c4 Bc3 34. Ra7 Rxa7 35. Bxa7 Bd3 36. Be3 Ke6 37. h3 h5 38. g4 g6 39. f5+ gxf5 40. gxh5 Kf7 41. Bf4 Be5 42. Be3 f4 43. Bf2 Kg7 44. c5 Kh6 45. Nf3 Kxh5 46. Kd2 Bf5 47. Nd4 Be4 48. Ke2 Bg2 49. Kd3 Kg5 50. Ne6+ Kg6 51. Nd4 Bb8 52. Ke2 Ba7 53. Ne6 Kf5 54. Ng7+ Kg6 55. Ne6 Bb8 56. Nd4 Bc7 57. Ne6 Be5 58. Nd4 Kf7 59. Kd3 Ke8 60. Ke2 Kd7 61. h4 Be4 62. Kd2 Ke7 63. Ne2 Kf7 64. Nc3 Bf3 65. Kd3 Kg6 66. Ne4 Kh5 67. Nd2 Bd5 68. Ne4 Kg4 69. Nd6 Kf3 70. Be1 Bg8 71. Nc8 Bh7+ 72. Kc4 Ke2 73. Ba5 f3 0-1

[Event "Nachod op 9th"]
[Site "Nachod"]
[Date "2011.07.07"]
[Round "6.14"]
[White "Pukl, Rostislav"]
[Black "Zidek, Vaclav"]
[Result "0-1"]
[WhiteElo "1979"]
[BlackElo "2166"]
[PlyCount "64"]
[EventDate "2011.07.02"]
[EventType "swiss"]
[EventRounds "9"]
[EventCountry "CZE"]
[SourceTitle "EXT 2012"]
[Source "ChessBase"]
[SourceDate "2011.11.24"]
[SourceVersion "1"]
[SourceVersionDate "2011.11.24"]
[SourceQuality "1"]

1. g3 e5 2. e4 Nf6 3. Bg2 d5 4. exd5 Nxd5 5. Ne2 Nc6 6. Nbc3 Be6 7. 0-0 Bc5 8. Ne4 Be7 9. d4 f5 10. c4 fxe4 11. cxd5 Qxd5 12. Nc3 Qxd4 13. Qh5+ g6 14. Qh6 0-0-0 15. Bxe4 Qd7 16. Be3 Bf6 17. a4 Nd4 18. Nb5 a6 19. Bxd4 exd4 20. Nxc7 Bg7 21. Qf4 Rdf8 22. Rfc1 Rxf4 23. Nxe6+ Kb8 24. Nxf4 Bh6 25. Rc4 Bxf4 26. gxf4 Re8 27. Bf3 d3 28. Rb4 d2 29. Kg2 Re1 30. Rd1 Rxd1 31. Bxd1 Qc6+ 32. Kf1 Qh1+ 0-1

[Event "Nachod op 9th"]
[Site "Nachod"]
[Date "2011.07.04"]
[Round "3.25"]
[White "Kansky, Josef"]
[Black "Pukl, Rostislav"]
[Result "0-1"]
[WhiteElo "1865"]
[BlackElo "1979"]
[PlyCount "42"]
[EventDate "2011.07.02"]
[EventType "swiss"]
[EventRounds "9"]
[EventCountry "CZE"]
[SourceTitle "EXT 2012"]
[Source "ChessBase"]
[SourceDate "2011.11.24"]
[SourceVersion "1"]
[SourceVersionDate "2011.11.24"]
[SourceQuality "1"]

1. e4 c5 2. Nf3 g6 3. d4 cxd4 4. Qxd4 Nf6 5. e5 Nc6 6. Qc3 Nd5 7. Qb3 e6 8. c3 Qc7 9. Be2 Nxe5 10. 0-0 Bg7 11. Nbd2 Nf4 12. Re1 Ned3 13. Bxd3 Nxd3 14. Re3 Nxc1 15. Rxc1 0-0 16. Rd1 d5 17. Nd4 Bd7 18. N2f3 Rad8 19. Nb5 Qb6 20. Nbd4 Qa6 21. h3 Ba4 0-1

[Event "CZE-chT2E 1011"]
[Site "Czech Republic"]
[Date "2011.02.20"]
[Round "8.3"]
[White "Vecera, Petr"]
[Black "Pukl, Rostislav"]
[Result "1-0"]
[WhiteElo "1926"]
[BlackElo "1983"]
[PlyCount "89"]
[EventDate "2010.10.17"]
[EventType "team-tourn"]
[EventRounds "11"]
[EventCountry "CZE"]
[SourceTitle "EXT 2012"]
[Source "ChessBase"]
[SourceDate "2011.11.24"]
[SourceVersion "1"]
[SourceVersionDate "2011.11.24"]
[SourceQuality "1"]
[WhiteTeam "Postoupky"]
[BlackTeam "Stare Mesto III"]
[WhiteTeamCountry "CZE"]
[BlackTeamCountry "CZE"]

1. e4 e5 2. Nf3 Nc6 3. Bc4 Nf6 4. d3 Bc5 5. 0-0 d6 6. c3 a6 7. Be3 0-0 8. b4 Bxe3 9. fxe3 Qe7 10. Nbd2 Bg4 11. h3 Be6 12. Bxe6 Qxe6 13. Ng5 Qe7 14. Qb3 Rad8 15. c4 Nh5 16. Ngf3 g6 17. d4 Ng3 18. Rfe1 Qf6 19. d5 Nb8 20. Kh2 Nh5 21. Rf1 Qe7 22. g4 Ng7 23. Qd3 Rde8 24. Rf2 h5 25. Rg1 hxg4 26. hxg4 Nd7 27. Qf1 f6 28. Qh3 Rc8 29. Nh4 Kf7 30. g5 Rh8 31. gxf6 Nxf6 32. Rxg6 Ngh5 33. Ndf3 Rcg8 34. Ng5+ Ke8 35. Rxg8+ Rxg8 36. Qc8+ Qd8 37. Qe6+ Qe7 38. Qf5 Ng4+ 39. Qxg4 Qxg5 40. Qc8+ Ke7 41. Nf5+ Kf7 42. Nh6+ Kg6 43. Qe6+ Kh7 44. Qxg8+ Kxh6 45. Qh8+ 1-0

[Event "CZE-chT2E 1011"]
[Site "Czech Republic"]
[Date "2011.02.06"]
[Round "7.4"]
[White "Pukl, Rostislav"]
[Black "Sudrich, Radek"]
[Result "1/2-1/2"]
[WhiteElo "1983"]
[BlackElo "2111"]
[PlyCount "112"]
[EventDate "2010.10.17"]
[EventType "team-tourn"]
[EventRounds "11"]
[EventCountry "CZE"]
[SourceTitle "EXT 2012"]
[Source "ChessBase"]
[SourceDate "2011.11.24"]
[SourceVersion "1"]
[SourceVersionDate "2011.11.24"]
[SourceQuality "1"]
[WhiteTeam "Stare Mesto III"]
[BlackTeam "Holesov"]
[WhiteTeamCountry "CZE"]
[BlackTeamCountry "CZE"]

1. e4 e5 2. f4 Bc5 3. Nf3 d6 4. c3 Nf6 5. fxe5 dxe5 6. Nxe5 Qe7 7. d4 Bd6 8. Nf3 Qxe4+ 9. Be2 Bf5 10. Nbd2 Qc2 11. Qxc2 Bxc2 12. Nc4 Be7 13. 0-0 Nbd7 14. Nce5 0-0 15. Bc4 Nb6 16. Bd3 Bxd3 17. Nxd3 Bd6 18. a4 Rfe8 19. Nfe5 Bxe5 20. Nxe5 Nbd7 21. Bf4 Nxe5 22. Bxe5 Nd5 23. Rae1 f6 24. Bg3 c6 25. Rf3 Rxe1+ 26. Bxe1 Re8 27. Kf2 Re4 28. a5 Rf4 29. c4 Rxf3+ 30. Kxf3 Nc7 31. Bg3 Ne8 32. Ke4 Kf7 33. b4 Ke6 34. d5+ cxd5+ 35. cxd5+ Kd7 36. Bb8 Nd6+ 37. Kd4 Nc8 38. Kc5 a6 39. Bf4 Ke7 40. h4 h5 41. Bc1 Kd7 42. Bf4 Ke7 43. b5 axb5 44. Kxb5 Kd7 45. Bc1 Nd6+ 46. Kb6 Nc4+ 47. Kb5 Nxa5 48. Kxa5 Kd6 49. Ba3+ Kxd5 50. Bf8 g6 51. Kb6 Ke6 52. Kxb7 g5 53. hxg5 fxg5 54. Kc6 h4 55. Bd6 Kf5 56. Kd5 g4 1/2-1/2

[Event "CZE-chT2E 1011"]
[Site "Czech Republic"]
[Date "2011.01.23"]
[Round "6.4"]
[White "Uhmann, Jan"]
[Black "Pukl, Rostislav"]
[Result "1-0"]
[WhiteElo "2158"]
[BlackElo "1983"]
[PlyCount "103"]
[EventDate "2010.10.17"]
[EventType "team-tourn"]
[EventRounds "11"]
[EventCountry "CZE"]
[SourceTitle "EXT 2012"]
[Source "ChessBase"]
[SourceDate "2011.11.24"]
[SourceVersion "1"]
[SourceVersionDate "2011.11.24"]
[SourceQuality "1"]
[WhiteTeam "Hustopece"]
[BlackTeam "Stare Mesto III"]
[WhiteTeamCountry "CZE"]
[BlackTeamCountry "CZE"]

1. d4 d5 2. Bg5 h6 3. Bh4 c6 4. c3 Bf5 5. Nd2 Qb6 6. Qb3 Nd7 7. Ngf3 e6 8. Bg3 Ngf6 9. h3 Be7 10. e3 0-0 11. Be2 Rfc8 12. 0-0 c5 13. c4 Ne4 14. Nxe4 Bxe4 15. Nd2 cxd4 16. Nxe4 dxe4 17. exd4 Bf6 18. Rfd1 Rd8 19. c5 Qxb3 20. axb3 a6 21. f3 Nb8 22. Bf2 Nc6 23. Ra4 exf3 24. Bxf3 Rd7 25. Bxc6 bxc6 26. Rb4 a5 27. Rb6 e5 28. Rxc6 exd4 29. Rd3 Rb8 30. Ra6 Rb5 31. c6 Rc7 32. Bg3 Rc8 33. c7 Rc5 34. Bd6 Rc1+ 35. Kf2 Rc2+ 36. Kf3 Rc1 37. Rxa5 Rc6 38. Bg3 Rb6 39. Rc5 Kf8 40. Ke4 Ke7 41. Kd5 Kd7 42. Kc4 Re8 43. b4 Kc8 44. Ra3 Kb7 45. Raa5 Rc8 46. Rab5 g6 47. Rxb6+ Kxb6 48. Rb5+ Kc6 49. Rb8 Kd7 50. b5 Bg7 51. b6 f5 52. Kd5 1-0

[Event "Stare Mesto op"]
[Site "Stare Mesto"]
[Date "2010.08.21"]
[Round "10"]
[White "Vlasak, Lukas"]
[Black "Pukl, Rostislav"]
[Result "1-0"]
[WhiteElo "2260"]
[BlackElo "2022"]
[PlyCount "79"]
[EventDate "2010.08.13"]
[EventType "swiss"]
[EventRounds "10"]
[EventCountry "CZE"]
[SourceTitle "CBM 138 Extra"]
[Source "ChessBase"]
[SourceDate "2010.10.29"]
[SourceVersion "1"]
[SourceVersionDate "2010.10.29"]
[SourceQuality "1"]

1. e4 e5 2. Nf3 Nc6 3. Bb5 a6 4. Ba4 Nf6 5. 0-0 b5 6. Bb3 Bc5 7. d3 d6 8. c3 Bb7 9. a4 h6 10. Na3 b4 11. Nc4 0-0 12. Be3 Bxe3 13. Nxe3 Rb8 14. a5 Bc8 15. Re1 Ne7 16. Bc2 c5 17. d4 Qc7 18. d5 Ng6 19. Nd2 Nf4 20. Ndc4 Qe7 21. g3 Nh3+ 22. Kg2 Ng5 23. f3 Bh3+ 24. Kg1 g6 25. Qe2 Nh5 26. Kh1 Qf6 27. Bd1 Qe7 28. Ng4 Kg7 29. Nf2 Bd7 30. Nb6 Bb5 31. c4 Be8 32. Bc2 Qd8 33. Qe3 Qf6 34. Kg2 Rb7 35. h4 Nh7 36. Ng4 Qd8 37. Qxh6+ Kh8 38. Qd2 f5 39. Nf2 f4 40. g4 1-0

[Event "Stare Mesto op"]
[Site "Stare Mesto"]
[Date "2010.08.14"]
[Round "2"]
[White "Pukl, Rostislav"]
[Black "Caletka, Radomir"]
[Result "0-1"]
[WhiteElo "2022"]
[BlackElo "2287"]
[PlyCount "122"]
[EventDate "2010.08.13"]
[EventType "swiss"]
[EventRounds "10"]
[EventCountry "CZE"]
[SourceTitle "CBM 138 Extra"]
[Source "ChessBase"]
[SourceDate "2010.10.29"]
[SourceVersion "1"]
[SourceVersionDate "2010.10.29"]
[SourceQuality "1"]

1. e4 e6 2. d4 d5 3. Nc3 Nf6 4. e5 Nfd7 5. f4 c5 6. Nf3 Nc6 7. Be3 a6 8. Qd2 b5 9. g3 Qb6 10. Ne2 a5 11. Bh3 cxd4 12. Nexd4 Bc5 13. 0-0 0-0 14. Rae1 Nxd4 15. Nxd4 Ba6 16. Rf3 Rae8 17. Bf2 b4 18. g4 f6 19. Bg2 fxe5 20. fxe5 Rxf3 21. Bxf3 Rf8 22. Kg2 Rf7 23. Nb3 Bxf2 24. Qxf2 Qc7 25. Qd4 Qxc2+ 26. Kg3 Qc7 27. Kg2 a4 28. Nd2 Qc5 29. Qxc5 Nxc5 30. Rc1 Nd3 31. Rc6 Bb7 32. Rb6 Nxe5 33. Rxe6 Nxf3 34. Re8+ Rf8 35. Rxf8+ Kxf8 36. Kxf3 Ke7 37. Ke3 Kd6 38. Kd4 Bc8 39. g5 Bg4 40. Nf1 Bf3 41. Ne3 Be4 42. a3 bxa3 43. bxa3 Ke6 44. Nd1 Bc2 45. Ne3 Bb3 46. h3 Ba2 47. h4 Bb3 48. Ng4 Kf5 49. Ne5 Kf4 50. Nd3+ Kg4 51. Nc5 Bd1 52. Ne6 g6 53. Nf8 Bb3 54. Nxh7 Kxh4 55. Ke5 Kg4 56. Nf8 Kxg5 57. Ne6+ Kg4 58. Nd4 g5 59. Nf5 Kf3 60. Kd4 g4 61. Nh4+ Kf2 0-1

[Event "CZE-chT2E 1011"]
[Site "Czech Republic"]
[Date "2010.05.12"]
[Round "4.4"]
[White "Dubina, Pavel"]
[Black "Pukl, Rostislav"]
[Result "1/2-1/2"]
[WhiteElo "2151"]
[BlackElo "1983"]
[PlyCount "115"]
[EventDate "2010.10.17"]
[EventType "team-tourn"]
[EventRounds "11"]
[EventCountry "CZE"]
[SourceTitle "EXT 2012"]
[Source "ChessBase"]
[SourceDate "2011.11.24"]
[SourceVersion "1"]
[SourceVersionDate "2011.11.24"]
[SourceQuality "1"]
[WhiteTeam "Zlin III"]
[BlackTeam "Stare Mesto III"]
[WhiteTeamCountry "CZE"]
[BlackTeamCountry "CZE"]

1. d4 d5 2. Nf3 Nf6 3. e3 e6 4. Bd3 b6 5. 0-0 Bb7 6. c4 Be7 7. cxd5 exd5 8. Qa4+ Qd7 9. Nc3 0-0 10. Bb5 c6 11. Bd3 c5 12. a3 Qxa4 13. Nxa4 Nbd7 14. Rd1 Ne4 15. dxc5 Ndxc5 16. Nxc5 bxc5 17. Bd2 Nxd2 18. Rxd2 Bf6 19. Rc1 Rac8 20. Bf5 Rc7 21. b4 g6 22. Bh3 c4 23. Nd4 a6 24. g3 Rd8 25. Bg2 Ba8 26. Kf1 Be7 27. Rc3 Bf6 28. Ke2 Rb8 29. Rcc2 a5 30. bxa5 Ra7 31. Rb2 Rxb2 32. Rxb2 Rxa5 33. Rb5 Rxa3 34. Bxd5 Ra2+ 35. Kf3 Bxd5+ 36. Rxd5 c3 37. Rc5 Bxd4 38. exd4 c2 39. h4 Kg7 40. Ke3 h5 41. Kf3 Kf6 42. Ke3 Ke6 43. Kf3 Ra3+ 44. Ke2 Ra2 45. Kf3 f6 46. Kf4 c1Q+ 47. Rxc1 Rxf2+ 48. Ke3 Ra2 49. Rc6+ Kf5 50. Rc3 Rg2 51. Kf3 Rd2 52. Rc5+ Ke6 53. Ke3 Rb2 54. Ke4 Re2+ 55. Kf3 Rd2 56. Ke3 Rd1 57. Ra5 Rg1 58. Ke4 1/2-1/2

[Event "Stare Mesto op"]
[Site "Stare Mesto"]
[Date "2009.08.21"]
[Round "9"]
[White "Pukl, Rostislav"]
[Black "Hantak, Adam"]
[Result "0-1"]
[WhiteElo "2033"]
[BlackElo "2191"]
[PlyCount "56"]
[EventDate "2009.08.14"]
[EventType "swiss"]
[EventRounds "10"]
[EventCountry "CZE"]
[SourceTitle "CBM 131 Extra"]
[Source "ChessBase"]
[SourceDate "2009.09.03"]
[SourceVersion "2"]
[SourceVersionDate "2009.09.16"]
[SourceQuality "1"]

1. e4 d6 2. d4 Nf6 3. Nc3 g6 4. Be3 c6 5. Nf3 Nbd7 6. Qd2 Qc7 7. Bd3 e5 8. 0-0 Bg7 9. d5 0-0 10. Rfd1 cxd5 11. exd5 a6 12. a4 Ng4 13. h3 Nxe3 14. Qxe3 f5 15. Ng5 Nc5 16. Bc4 h6 17. Nf3 e4 18. Nd4 f4 19. Qe1 f3 20. Ba2 Bxd4 21. Rxd4 a5 22. Nxe4 fxg2 23. Kxg2 Bf5 24. Ng3 Rae8 25. Qc3 Qf7 26. Re1 Be4+ 27. Nxe4 Rxe4 28. Rd2 Rxe1 0-1

[Event "Stare Mesto op"]
[Site "Stare Mesto"]
[Date "2007.08.13"]
[Round "5"]
[White "Pukl, Rostislav"]
[Black "Macura, Emil"]
[Result "0-1"]
[WhiteElo "1945"]
[BlackElo "2069"]
[PlyCount "84"]
[EventDate "2007.08.10"]
[EventType "swiss"]
[EventRounds "10"]
[EventCountry "CZE"]
[SourceTitle "CBM 119 Extra"]
[Source "ChessBase"]
[SourceDate "2007.09.04"]
[SourceVersion "1"]
[SourceVersionDate "2007.09.04"]
[SourceQuality "1"]

1. e4 e5 2. Nf3 Nc6 3. Bc4 d6 4. d4 exd4 5. Nxd4 Nf6 6. Nxc6 bxc6 7. Nc3 Be7 8. Qd4 0-0 9. 0-0 Ng4 10. Bb3 Ba6 11. Re1 Bf6 12. Qd2 Be5 13. g3 Qf6 14. h3 Bxc3 15. bxc3 Ne5 16. Qd1 Nf3+ 17. Kg2 Nxe1+ 18. Qxe1 Rfe8 19. f4 Bb7 20. Ba4 Re7 21. Rb1 Ba6 22. Bxc6 Rc8 23. Rb4 Qe6 24. Qd2 Rd8 25. Ra4 Bc8 26. f5 Qe5 27. Rxa7 Qc5 28. Bd5 Bxf5 29. Qd4 Bxe4+ 30. Bxe4 Qxd4 31. Bxh7+ Kxh7 32. cxd4 Re2+ 33. Kf3 Rxc2 34. Bf4 Kg6 35. a4 f5 36. Ke3 Rb8 37. Kd3 Rc6 38. a5 Kf6 39. Be3 Ke6 40. h4 Kd5 41. Ke2 Ke4 42. d5 Rc2+ 0-1

[Event "Tabor op"]
[Site "Tabor"]
[Date "2007.08.02"]
[Round "6"]
[White "Pukl, Rostislav"]
[Black "Tkadlecek, Petr"]
[Result "1-0"]
[WhiteElo "1945"]
[BlackElo "1626"]
[PlyCount "105"]
[EventDate "2007.07.29"]
[EventType "swiss"]
[EventRounds "9"]
[EventCountry "CZE"]
[SourceTitle "EXT 2009"]
[Source "ChessBase"]
[SourceDate "2008.11.26"]
[SourceVersion "1"]
[SourceVersionDate "2008.11.26"]
[SourceQuality "1"]

1. e4 e5 2. f4 exf4 3. Nf3 d5 4. exd5 Qxd5 5. Nc3 Qe6+ 6. Be2 Bd6 7. 0-0 Ne7 8. d4 0-0 9. Bd3 Qh6 10. Ne4 Bg4 11. Qe1 Nbc6 12. Nxd6 Qxd6 13. Qh4 h5 14. c3 Qh6 15. Ne5 Nxe5 16. Bxf4 Qe6 17. Bxe5 Ng6 18. Bxg6 fxg6 19. h3 Rxf1+ 20. Rxf1 Bf5 21. Bxc7 Qxa2 22. Qe7 Qe6 23. Qb4 b6 24. Be5 Re8 25. Qa3 Qe7 26. Qb3+ Qe6 27. Qa4 Qd7 28. Qc4+ Be6 29. Qa6 Bd5 30. Ra1 Ra8 31. c4 Bb7 32. Qa3 a6 33. Qg3 Be4 34. d5 b5 35. b3 a5 36. Qe3 Bf5 37. Qd4 a4 38. c5 Rd8 39. bxa4 bxa4 40. d6 Rf8 41. Rc1 Qc6 42. Bxg7 Rf7 43. Be5 Rb7 44. Qc4+ Kh7 45. Ra1 a3 46. Rxa3 Be4 47. Ra6 Rb1+ 48. Kh2 Qb7 49. c6 Bxc6 50. Rxc6 Qb8 51. Qf7+ Kh6 52. Bg7+ Kh7 53. Bf8+ 1-0

[Event "CZE-ch Juniors op-A"]
[Site "Sec u Chrudimi"]
[Date "2007.03.14"]
[Round "6"]
[White "Pukl, Rostislav"]
[Black "Havlik, Jindrich"]
[Result "0-1"]
[WhiteElo "1908"]
[BlackElo "2029"]
[PlyCount "98"]
[EventDate "2007.03.10"]
[EventType "swiss"]
[EventRounds "9"]
[EventCountry "CZE"]
[SourceTitle "EXT 2008"]
[Source "ChessBase"]
[SourceDate "2007.11.25"]
[SourceVersion "1"]
[SourceVersionDate "2007.11.25"]
[SourceQuality "1"]

1. e4 e6 2. d4 d5 3. Nc3 Bb4 4. e5 c5 5. a3 Bxc3+ 6. bxc3 Qa5 7. Bd2 Qa4 8. Qg4 g6 9. Ra2 b6 10. Be2 Ba6 11. dxc5 Qxg4 12. Bxg4 bxc5 13. f4 Nh6 14. Bf3 Nf5 15. Kf2 Nd7 16. Rb2 Nb6 17. Rb3 Kd7 18. Ne2 Nc4 19. Bc1 Rab8 20. Ng3 Ne7 21. Be2 Kc6 22. a4 Rb6 23. Rxb6+ axb6 24. Bxc4 Bxc4 25. Bb2 Kc7 26. Ne2 Bxe2 27. Kxe2 Nc6 28. Ra1 Na5 29. g4 Nc4 30. Bc1 h5 31. g5 Ra8 32. h4 b5 33. Be3 Kb6 34. a5+ Rxa5 35. Rb1 Kc6 36. Bf2 Ra2 37. Kd3 Na3 38. Rc1 Rb2 39. Be1 Rb1 40. Kd2 Rxc1 41. Kxc1 Nc4 42. Bf2 b4 43. cxb4 cxb4 44. Bd4 Kb5 45. Kd1 Na3 46. Bb2 Kc4 47. c3 Kb3 48. Kc1 bxc3 49. Bxa3 Kxa3 0-1

[Event "CZE-ch Juniors op-A"]
[Site "Sec u Chrudimi"]
[Date "2007.03.12"]
[Round "4"]
[White "Pukl, Rostislav"]
[Black "Stary, Lukas"]
[Result "1-0"]
[WhiteElo "1808"]
[BlackElo "1856"]
[PlyCount "65"]
[EventDate "2007.03.10"]
[EventType "swiss"]
[EventRounds "9"]
[EventCountry "CZE"]
[SourceTitle "EXT 2008"]
[Source "ChessBase"]
[SourceDate "2007.11.25"]
[SourceVersion "1"]
[SourceVersionDate "2007.11.25"]
[SourceQuality "1"]

1. e4 d5 2. exd5 Qxd5 3. Nc3 Qa5 4. d4 c6 5. Bd2 Bf5 6. Nf3 Nf6 7. Ne4 Qc7 8. Nxf6+ gxf6 9. g3 e6 10. Bg2 Nd7 11. c4 0-0-0 12. Qe2 e5 13. Nh4 Bg6 14. d5 cxd5 15. cxd5 Kb8 16. 0-0 Qc2 17. Nxg6 hxg6 18. d6 Bxd6 19. Qb5 Nb6 20. Bb4 Qc4 21. Bxd6+ Rxd6 22. Qa5 Rc8 23. Qa3 Qd3 24. b3 Rc2 25. Rac1 Rxc1 26. Rxc1 Qd4 27. Bf3 Nc8 28. Rc4 Ra6 29. Rxd4 Rxa3 30. Rd7 f5 31. Rxb7+ Ka8 32. Bd5 Rxa2 33. Rb6# 1-0

[Event "Stare Mesto op"]
[Site "Stare Mesto"]
[Date "2006.08.11"]
[Round "1"]
[White "Havranek, Miroslav"]
[Black "Pukl, Rostislav"]
[Result "1-0"]
[WhiteElo "2232"]
[BlackElo "1898"]
[PlyCount "71"]
[EventDate "2006.08.11"]
[EventType "swiss"]
[EventRounds "10"]
[EventCountry "CZE"]
[SourceTitle "CBM 113 Extra"]
[Source "ChessBase"]
[SourceDate "2006.09.14"]
[SourceVersion "1"]
[SourceVersionDate "2006.09.14"]
[SourceQuality "1"]

1. e4 e5 2. Nf3 Nc6 3. Bb5 a6 4. Ba4 Nf6 5. 0-0 b5 6. Bb3 Bb7 7. Re1 Bc5 8. c3 d6 9. d4 Bb6 10. a4 0-0 11. Bg5 Qe7 12. Na3 Na5 13. Ba2 bxa4 14. Qxa4 h6 15. Bxf6 Qxf6 16. b4 Bc6 17. Qc2 Nb7 18. Nc4 Ba7 19. dxe5 Qf4 20. Nd4 Bd7 21. g3 Qg5 22. exd6 cxd6 23. Ne3 g6 24. Bd5 Rab8 25. Rxa6 Bxd4 26. cxd4 Rfc8 27. Qa2 Qe7 28. e5 Kg7 29. f4 dxe5 30. fxe5 Qxb4 31. Qf2 Qe7 32. Ba2 Rc6 33. Rxc6 Bxc6 34. d5 Bd7 35. d6 Qe8 36. Qf6+ 1-0

[Event "Pardubice op-B2"]
[Site "Pardubice"]
[Date "2006.07.21"]
[Round "1"]
[White "Pukl, Rostislav"]
[Black "Kubit, Tomasz"]
[Result "0-1"]
[WhiteElo "1898"]
[BlackElo "2184"]
[PlyCount "66"]
[EventDate "2006.07.21"]
[EventType "swiss"]
[EventRounds "9"]
[EventCountry "CZE"]
[SourceTitle "CBM 113 Extra"]
[Source "ChessBase"]
[SourceDate "2006.09.14"]
[SourceVersion "1"]
[SourceVersionDate "2006.09.14"]
[SourceQuality "1"]

1. e4 d5 2. exd5 Nf6 3. d4 Nxd5 4. Nf3 g6 5. Be2 Bg7 6. 0-0 0-0 7. Ne5 c5 8. c3 cxd4 9. cxd4 Qc7 10. Re1 Rd8 11. Bf3 Be6 12. Bd2 Nc6 13. Nxc6 bxc6 14. Qa4 c5 15. Nc3 cxd4 16. Nxd5 Bxd5 17. Ba5 Qd7 18. Qxd7 Rxd7 19. Be2 Rb8 20. a4 Bc6 21. Ra2 d3 22. Bd1 Rxb2 23. Rxb2 Bxb2 24. Bd2 e5 25. f3 Bd4+ 26. Kf1 Rb7 27. Bg5 h6 28. Bf6 d2 29. Re2 Rb1 30. Rxd2 Bxa4 31. Ke2 Bb5+ 32. Ke1 Bc3 33. f4 Ba4 0-1